Labour productivity as a factor forming the economic efficiency and competitive ability of the country
Posúdenie vývoja produktivity práce v priemysle celkom a vybraných odvetviach v období rokov 1997 až 2001 v Českej republike, hodnotenou indexami produktivity práce vypočítanými ako podiel indexov priemyslovej produkcie a indexov počtu zamestnancov. Pre matematicko-štatistickú analýzu boli použité m...
Uložené v:
| Hlavný autor: | |
|---|---|
| Ďalší autori: | |
| Médium: | Kapitola |
| Jazyk: | English |
| Predmet: | |
| Tagy: |
Žiadne tagy, Buďte prvý, kto otaguje tento záznam!
|
MARC
| LEADER | 00000naa$a2200000$$$4500 | ||
|---|---|---|---|
| 001 | 0004200 | ||
| 005 | 20231004092010.6 | ||
| 041 | 0 | |a eng | |
| 044 | |a CZ | ||
| 245 | 1 | 0 | |a Labour productivity as a factor forming the economic efficiency and competitive ability of the country |c Jan Klíma, Milan Palát |
| 520 | |a Posúdenie vývoja produktivity práce v priemysle celkom a vybraných odvetviach v období rokov 1997 až 2001 v Českej republike, hodnotenou indexami produktivity práce vypočítanými ako podiel indexov priemyslovej produkcie a indexov počtu zamestnancov. Pre matematicko-štatistickú analýzu boli použité metódy regresnej a korelačnej analýzy a trendy vývoja. | ||
| 610 | 2 | 0 | |a výkonnosť ekonomiky |
| 610 | 2 | 0 | |a Česko |
| 610 | 2 | 0 | |a konkurencieschopnosť |
| 610 | 2 | 0 | |a odvetvia priemyselné |
| 610 | 2 | 0 | |a analýza štatistická |
| 610 | 2 | 0 | |a 1997-2001 |
| 100 | 1 | |a Klíma, Jan | |
| 700 | 1 | |a Palát, Milan | |